[Event "Druzynowe Mistrzostwa Polski Juniorow - Ekstraliga"]
[Site "Osrodek Wczasowo - Szkoleniowy "Relax" ul. Stroma 20, 43-450 Ustron"]
[Date "2011-06-29"]
[Round "6.26"]
[White "Tomsia, Kamil"]
[Black "Krzyzanowski, Marcin"]
[Result "1/2-1/2"]
[WhiteTitle "I+"]
[BlackTitle "m"]
[WhiteElo "2090"]
[BlackElo "2370"]

1. d4 d5 2. c4 dxc4 3. e4 Nf6 4. e5 Nd5 5. Bxc4 Nb6 6. Bb3 Nc6 7. Nf3 Bf5 8. Nc3
e6 9. a3 Be7 10. O-O Qd7 11. d5 exd5 12. Nxd5 Nxd5 13. Qxd5 Qxd5 14. Bxd5 Nd8
15. Nd4 Bd7 16. Be3 O-O 17. Rac1 c6 18. Be4 g6 19. Nb3 Ne6 20. Rfd1 Bc8 21. f4
f6 22. exf6 Bxf6 23. Rd2 Ng7 24. Nc5 Re8 25. Bf2 Ne6 26. Nxe6 Bxe6 27. Bf3 Kf7
28. b4 a5 29. Bb6 axb4 30. axb4 Ra3 31. Bc5 Rea8 32. b5 Rc3 33. Rxc3 Bxc3 34.
Rc2 Ra1+ 35. Kf2 Be1+ 36. Ke2 Bb3 37. Bd4 Rb1 38. Rc5 cxb5 39. Rc7+ Ke6 40. Be4
Ba5 41. Re7+ Kxe7 42. Bxb1 Ke6 43. Ke3 Bd8 44. g4 Bd5 45. Bc5 b6 46. Bb4 Bc4 47.
g5 Bb3 48. Be4 Bc7 49. h4 Kf7 50. Bc6 Bc4 51. Be4 Bb8 52. Bc2 Kg8 53. Be4 Bc7
54. Bc6 Bd8 55. Be8 Kg7 56. Ke4 Bc7 57. Be7 Kg8 1/2-1/2

[Event "Druzynowe Mistrzostwa Polski Juniorow - Ekstraliga"]
[Site "Osrodek Wczasowo - Szkoleniowy "Relax" ul. Stroma 20, 43-450 Ustron"]
[Date "2011-06-29"]
[Round "6.27"]
[White "Jarmula, Lukasz"]
[Black "Snihur, Piotr"]
[Result "0-1"]
[WhiteTitle "I+"]
[BlackTitle "I"]
[WhiteElo "1871"]
[BlackElo "1859"]

1. e4 c5 2. Nf3 e6 3. d4 cxd4 4. Nxd4 a6 5. Bd3 Qc7 6. O-O Nf6 7. Nc3 Bc5 8. Nb3
Be7 9. f4 d6 10. Be3 Nbd7 11. a4 b6 12. g4 Nc5 13. g5 Nfd7 14. Qh5 Nxd3 15. cxd3
O-O 16. f5 Qd8 17. f6 gxf6 18. Rf3 fxg5 19. Raf1 f6 20. d4 Qe8 21. Qg4 Bd8 22.
h4 h5 23. Qg2 g4 24. Bh6 Rf7 25. Rg3 Rh7 26. e5 Rb8 27. exf6 Bxf6 28. Bg5 Bxg5
29. hxg5 Bb7 30. Qe2 Rg7 31. Re3 Bf3 32. Qh2 e5 33. Ne4 Bxe4 34. Rxe4 Rxg5 35.
dxe5 dxe5 36. Qd2 Qe7 37. Qd5+ Kg7 38. Nd4 Nf6 39. Ne6+ Kh6 40. Rxf6+ Qxf6 41.
Nxg5 Rf8 42. Qd1 Qxg5 43. Qe2 g3 44. Qc4 Qf5 45. Qc1+ Kg6 46. Re2 h4 47. Rc2 Rf6
48. Rg2 e4 49. b4 Qf3 50. Qe1 Kh5 51. b5 axb5 52. axb5 Kg4 0-1

[Event "Druzynowe Mistrzostwa Polski Juniorow - Ekstraliga"]
[Site "Osrodek Wczasowo - Szkoleniowy "Relax" ul. Stroma 20, 43-450 Ustron"]
[Date "2011-06-29"]
[Round "6.28"]
[White "Mirski, Michal"]
[Black "Maciejewski, Andrzej"]
[Result "1/2-1/2"]
[WhiteTitle "II+"]
[BlackTitle "I"]
[WhiteElo "1787"]
[BlackElo "1747"]

1. e4 c5 2. Nf3 Nc6 3. d4 cxd4 4. Nxd4 e5 5. Nb5 a6 6. Nd6+ Bxd6 7. Qxd6 Qf6 8.
Qd2 Nge7 9. f3 O-O 10. c4 Nd4 11. Bd3 d6 12. O-O Qg6 13. Nc3 Be6 14. b3 Rac8 15.
Bb2 Nec6 16. Nd5 Rfe8 17. Rad1 f5 18. Ne3 f4 19. Nc2 Nxc2 20. Bxc2 Red8 21. Qf2
Qf7 22. Rd2 Qc7 23. Rfd1 b6 24. Bb1 Rd7 25. Kf1 Rcd8 26. Rd3 Nb4 27. R3d2 a5 28.
Ke2 Qc5 29. Qh4 h6 30. Kf1 Kh7 31. Qf2 g5 32. Qxc5 bxc5 33. Bc3 Kg7 34. Kf2 Kf7
35. Rh1 Rg8 36. g3 Ke7 37. g4 h5 38. h3 h4 39. Ke2 Ra8 40. a3 Nc6 41. Ba2 Ra6
42. Kd3 Rb7 43. Rb1 Kf6 44. Kc2 Nd4+ 45. Bxd4 exd4 46. Kd3 Rab6 47. Rdb2 Ke5 48.
Rc2 Bf7 49. Rcb2 Be8 50. Kd2 Bg6 51. Rc2 Be8 52. Rcb2 Bf7 1/2-1/2

[Event "Druzynowe Mistrzostwa Polski Juniorow - Ekstraliga"]
[Site "Osrodek Wczasowo - Szkoleniowy "Relax" ul. Stroma 20, 43-450 Ustron"]
[Date "2011-06-29"]
[Round "6.29"]
[White "Leks, Maria"]
[Black "Mucha, Magdalena"]
[Result "0-1"]
[WhiteTitle "WCM"]
[BlackTitle "WCM"]
[WhiteElo "2058"]
[BlackElo "1835"]

1. e4 d5 2. exd5 Qxd5 3. Nc3 Qd6 4. d4 Nf6 5. Nf3 a6 6. g3 g6 7. Bg2 Bg7 8. O-O
O-O 9. Bf4 Qd8 10. Qd2 c6 11. Bh6 Be6 12. Bxg7 Kxg7 13. Ng5 Bd5 14. Nxd5 cxd5
15. Rae1 Nc6 16. f4 h6 17. Nh3 e6 18. Nf2 Qa5 19. c3 Qxa2 20. g4 Rae8 21. g5 Ng8
22. Nd3 Qa5 23. f5 exf5 24. gxh6+ Nxh6 25. Nf4 Qd8 26. Nxd5 Ng4 27. h3 Nf6 28.
Rxe8 Rxe8 29. Rxf5 Ne4 30. Bxe4 gxf5 31. Bg2 Qh4 32. Ne3 Qg5 33. d5 Qxe3+ 34.
Qxe3 Rxe3 35. dxc6 bxc6 36. Bxc6 Re2 37. b4 Rc2 38. Bd7 Kf6 39. Bc8 Rxc3 40. Bxa6
Rxh3 41. Bf1 Rb3 42. b5 Rb2 43. Bc4 f4 44. Kf1 Kg6 45. Bd3+ Kg5 46. Bc4 f3 47.
Ke1 Kf4 48. Bf1 Ke3 0-1